[Event "Roncana op-C 9th"]
[Site "Santa Eulalia de Roncana"]
[Date "2015.11.07"]
[Round "5"]
[White "Marquez Alavarez, Joel"]
[Black "Company Fernandez, Miquel"]
[Result "0-1"]
[WhiteElo "1400"]
[BlackElo "1699"]
[PlyCount "70"]
[EventDate "2015.10.03"]
[EventType "swiss"]
[EventRounds "8"]
[EventCountry "ESP"]
[SourceTitle "EXT 2017"]
[Source "ChessBase"]
[SourceDate "2016.10.25"]
[SourceVersion "1"]
[SourceVersionDate "2016.10.25"]
[SourceQuality "1"]

1. d4 d5 2. Bf4 Nf6 3. Nf3 Bf5 4. e3 g6 5. Be2 Bg7 6. h3 0-0 7. 0-0 Nc6 8. c4 e6 9. Nc3 Qd7 10. Qd2 Rfe8 11. Rad1 h6 12. g4 Be4 13. Nxe4 Nxe4 14. Qc2 Nb4 15. Qb3 Qe7 16. cxd5 exd5 17. Bb5 c6 18. g5 cxb5 19. gxh6 Bf8 20. Ne5 Nc6 21. Qxb5 Nxe5 22. dxe5 a6 23. Qxd5 g5 24. Qd7 gxf4 25. Qg4+ Qg5 26. Qxg5+ Nxg5 27. h4 Nf3+ 28. Kg2 Nxh4+ 29. Kh3 Nf5 30. Rg1+ Kh8 31. Rd7 Re7 32. Rxe7 Bxe7 33. e4 Nxh6 34. Rd1 b5 35. Rd2 Bc5 0-1